Statistics for Penn Basketball: Top 10 All-Time Leaders

Click here to take the quiz!

General Stats

  • This quiz has been taken 0 times
  • The average score is 0 of 92

Answer Stats

Category#PlayerAmount% Correct
Points1AJ Brodeur1,832
0%
Blocks1AJ Brodeur196
0%
Games1AJ Brodeur119
0%
Field Goal Percent5AJ Brodeur52.4%
0%
Assists6AJ Brodeur390
0%
Rebounds3AJ Brodeur928
0%
Rebounds2Bart Leach1,028
0%
Points Per Game10Bob Mlkvy15.8
0%
Points Per Game7Bob Morse16.4
0%
Rebounds7Bruce Lefkowitz766
0%
Field Goal Percent1Bruce Lefkowitz58.7%
0%
Blocks6Darien Nelson-Henry100
0%
GamesT5Darnell Foreman117
0%
Assists7David Klatsky387
0%
GamesT2David Klatsky118
0%
Points Per Game9Dick Csencsitz16.0
0%
Rebounds6Dick Heylmun848
0%
Blocks9Eric Moore66
0%
Points Per Game1Ernie Beck22.3
0%
Rebounds1Ernie Beck1,557
0%
Points2Ernie Beck1,827
0%
BlocksT10Fran Dougherty65
0%
Three Pointers MadeT6Garett Kreitz199
0%
Blocks2Geoff Owens195
0%
Field Goal Percent2Hassan Duncombe54.1%
0%
Blocks5Hassan Duncombe127
0%
Field Goal Percent9Ibrahim Jaaber49.7%
0%
Steals1Ibrahim Jaaber303
0%
Assists10Ibrahim Jaaber319
0%
Points8Ibrahim Jaaber1,518
0%
Blocks8Jack Eggleston74
0%
GamesT9Jack Eggleston115
0%
Points Per Game8Jeff Neuman16.0
0%
Three Pointers Made4Jeff Schiffner220
0%
Steals2Jerome Allen166
0%
Points10Jerome Allen1,488
0%
Three Pointers Made8Jerome Allen178
0%
Assists2Jerome Allen505
0%
Field Goal Percent6John Engles52.1%
0%
Points Per Game6Jordan Dingle17.3
0%
Points Per Game5Joseph Sturgis17.5
0%
Rebounds4Joseph Sturgis924
0%
Field Goal Percent3Keven McDonald53.7%
0%
Points Per Game2Keven McDonald20.8
0%
Points5Keven McDonald1,644
0%
GamesT7Koko Archibong116
0%
Steals7Mark Zoller141
0%
GamesT9Mark Zoller115
0%
Field Goal Percent4Mark Zoller53.0%
0%
Rebounds9Mark Zoller750
0%
Three Pointers Made5Matt Langel201
0%
Steals3Matt Maloney157
0%
Three Pointers Made2Matt Maloney244
0%
Assists9Matt Maloney322
0%
Three Pointers Made9Michael Jordan176
0%
Steals6Michael Jordan147
0%
Points6Mike Jordan1,604
0%
Assists3Mike Jordan469
0%
Steals10Miles Jackson-Cartwright130
0%
Assists8Miles Jackson-Cartwright353
0%
GamesT2Miles Jackson-Cartwright118
0%
Steals8Paul Chambers134
0%
Assists5Paul Chambers396
0%
Field Goal Percent10Perry Bromwell49.6%
0%
Field Goal Percent8Phil Hankinson50.5%
0%
Rebounds5Ron Haigler856
0%
Points7Ron Haigler1,552
0%
Points Per Game4Ron Haigler18.7
0%
Three Pointers Made10Ryan Betley169
0%
StealsT4Shawn Trice154
0%
BlocksT10Shawn Trice65
0%
Points9Stan Pawlak1,501
0%
Points Per Game3Stan Pawlak20.6
0%
Blocks7Steve Danley86
0%
GamesT9Steve Danley115
0%
Three Pointers Made1Tim Begley253
0%
GamesT7Tim Begley116
0%
Assists4Tim Begley427
0%
Blocks4Tim Krug138
0%
Rebounds10Tony Price731
0%
Steals9Tyler Bernardini133
0%
Three Pointers MadeT6Tyler Bernardini199
0%
Points3Ugonna Onyekwe1,762
0%
Rebounds8Ugonna Onyekwe759
0%
Field Goal Percent7Ugonna Onyekwe50.7%
0%
GamesT2Ugonna Onyekwe118
0%
Blocks3Ugonna Onyekwe140
0%
GamesT5Zack Rosen117
0%
StealsT4Zack Rosen154
0%
Points4Zack Rosen1,723
0%
Three Pointers Made3Zack Rosen225
0%
Assists1Zack Rosen587
0%

Score Distribution

Percentile by Number Answered

Percent of People with Each Score

Your Score History

You have not taken this quiz